000 00375nam a2200145Ia 4500
008 230411s9999 xx 000 0 und d
020 _a978-81-8448-934-7
041 _aeng
082 _aSO/301/PUR/B06092
100 _aPurushothama GS
_9178901
245 _aNursing Sociology
260 _bJaypee Brothers
_aBengaluru
_c2010
300 _a372p
999 _c156535
_d156535